Movies Quiz

Random Movies or Actor Quiz

Actors/Actresses with 2+ nominations 90s Quiz Stats

 Plays Quiz not verified by Sporcle

Also try: Actresses in Hats
Challenge
Share
Tweet
Embed
Score 0/35 Timer 08:00
0 Plays Today
Nominations Actor/Actress % Correct
The Silence Of The Lambs / NellJodie Foster
98.4%
The Silence Of The Lambs / The Remains Of The Day / Nixon / AmistadAnthony Hopkins
97.8%
Philadelphia / Forrest Gump / Saving Private RyanTom Hanks
97.8%
Jerry Maguire / MagnoliaTom Cruise
96.8%
A Few Good Men / As Good As It GetsJack Nicholson
96.2%
Malcolm X / The HurricaneDenzel Washington
95.7%
The Usual Suspects / American BeautyKevin Spacey
95.2%
Sense And Sensibility / TitanicKate Winslet
94.1%
Misery / Primary ColorsKathy Bates
91.9%
Thelma & Louise / Lorenzo's Oil / The Client / Dead Man WalkingSusan sarandon
91.9%
Dick Tracy / Glengarry Glen Ross / Scent Of A WomanAl Pacino
91.4%
Primal Fear / American History XEdward Norton
91.4%
Awakenings / Cape FearRobert De Niro
89.8%
Postcards From The Edge / The Bridges Of Madison County / One True Thing / Music Of The HeartMeryl Streep
89.2%
Dead Man Walking / Sweet And LowdownSean Penn
85.5%
Schindler's List / The English PatientRalph Fiennes
84.9%
JFK / The FugitiveTommy Lee Jones
84.9%
Apollo 13 / The Truman ShowEd Harris
82.8%
Nominations Actor/Actress % Correct
Shine / Shakespeare In LoveGeoffrey Rush
80.1%
The Piano / The FirmHolly Hunter
79%
The Grifters / American BeautyAnnette Bening
76.9%
Sling Blade / A Simple PlanBilly Bob Thornton
74.2%
Mrs. Brown / Shakespeare In LoveJudi Dench
74.2%
Howards End / The Remains Of The Day / Sense And Sensibility / In The Name Of The FatherEmma Thompson
73.1%
Little Women / The Age Of InnocenceWinona Ryder
73.1%
The End Of The Affair / Boogie NightsJulianne Moore
72%
The Prince Of Tides / AfflictionNick Nolte
62.9%
The Apostle / A Civil ActionRobert Duvall
59.7%
Nixon / The CrucibleJoan Allen
39.8%
Breaking The Waves / Hilary And JackieEmily Watson
38.7%
Dances With Wolves / Passion FishMary McDonnell
38.2%
Secrets & Lies / Little VoiceBrenda Blethyn
32.8%
Tom & Viv / DamageMiranda Richardson
26.9%
Wild At Heart / Rambling RoseDiane Ladd
22%
The Fisher King / Good Will HuntingRobin Williams
19.4%

You're not logged in!

Compare scores with friends on all Sporcle quizzes.
Join for Free
OR
Log In

You Might Also Like...

Show Comments

Extras

Top Quizzes Today


Score Distribution

Your Account Isn't Verified!

In order to create a playlist on Sporcle, you need to verify the email address you used during registration. Go to your Sporcle Settings to finish the process.

Report this User

Report this user for behavior that violates our Community Guidelines.

Details: